Les Stations du Métro de Lille sur une carte - Statistiques

Statistiques générales
  • Ce quiz a été pris 4 053 fois
    3 991 depuis la dernière actualisation
  • Le résultat moyen est 27 sur 62
Réponses sur la Carte
Les réponses sont colorées sur une échelle allant du rouge au vert en fonction du pourcentage des utilisateurs qui les ont devinées à leur premier essai. Vous pouvez retrouver ces pourcentages ci-dessous.
 
Statistiques - réponses
Réponse % Correct
Gare Lille-Flandres
88%
Gare Lille-Flandres
88%
Porte des Postes
79%
République
79%
Gare Lille-Europe
77%
Rihour
75%
CHU – Eurasanté
72%
Porte de Douai
70%
Wazemmes
70%
Quatre Cantons
68%
Porte d'Arras
67%
CHU - Centre Oscar-Lambret
65%
Gambetta
63%
Porte de Valenciennes
63%
Fives
61%
Mairie de Lille
58%
Villeneuve-d'Ascq
57%
Gare Jean-Lebas Roubaix
55%
Pont de Bois
55%
Roubaix - Charles-de-Gaulle
54%
Roubaix - Grand-Place
54%
Saint-Philibert
53%
Wasquehal - Hôtel de Ville
53%
Caulier
52%
Cité Scientifique
49%
Eurotéléport
47%
Montebello
46%
Triolo
46%
Cormontaigne
44%
CH Dron
43%
Lille Grand-Palais
43%
Mairie d'Hellemmes
42%
Croix - Centre
41%
Marbrerie
40%
Port de Lille
39%
Square Flandres
39%
Saint-Maurice Pellevoisin
37%
Mairie de Mons
36%
Wasquehal - Pavé de Lille
36%
Fort de Mons
35%
Bois Blancs
33%
Bourg
33%
Maison des Enfants
33%
Les Prés - Edgard-Pisani
32%
Lomme-Lambersart-Arthur-Notebart
31%
Tourcoing - Centre
31%
Gare de Tourcoing
27%
Mons Sarts
27%
Mairie de Croix
26%
Canteleu
25%
Jean-Jaurès
25%
Alsace
24%
Mitterie
20%
Mercure
19%
Épeule - Montesquieu
17%
Phalempins
17%
Bourgogne
16%
Pont Supérieur
16%
Colbert
15%
Carliers
13%
Pont de Neuville
12%
Porte de postes
5%
Aucun quiz correspondant
Distribution des résultats
% des personnes avec chaque résultat
Percentile par nombre de réponses
Votre historique - résultats
Vous n’avez pas pris ce quiz depuis la dernière actualisation